programming game A1 by example (Record no. 11047)
[ view plain ]
| 000 -LEADER | |
|---|---|
| fixed length control field | 00470 a2200157 4500 |
| 020 ## - INTERNATIONAL STANDARD BOOK NUMBER | |
| International Standard Book Number | 1556220782 (pbk.) |
| 082 ## - DEWEY DECIMAL CLASSIFICATION NUMBER | |
| Classification number | 794.81526 |
| 090 ## - LOCALLY ASSIGNED LC-TYPE CALL NUMBER (OCLC); LOCAL CALL NUMBER (RLIN) | |
| -- | 7244 |
| -- | 7244 |
| 100 ## - MAIN ENTRY--PERSONAL NAME | |
| Personal name | Mat Buckland |
| 245 ## - TITLE STATEMENT | |
| Title | programming game A1 by example |
| Statement of responsibility, etc. | Mat Buckland |
| 260 ## - PUBLICATION, DISTRIBUTION, ETC. | |
| Place of publication, distribution, etc. | America |
| Name of publisher, distributor, etc. | Wordware publishing |
| Date of publication, distribution, etc. | 2005 |
| 300 ## - PHYSICAL DESCRIPTION | |
| Extent | xxi, 495.: |
| Other physical details | ill: |
| Dimensions | 24cm. |
| 650 2# - SUBJECT ADDED ENTRY--TOPICAL TERM | |
| Topical term or geographic name entry element | Computer games-design. |
| General subdivision | Computer games-programming |
| -- | Computer graphics |
| 700 ## - ADDED ENTRY--PERSONAL NAME | |
| Personal name | Mat Buckland |
| 942 ## - ADDED ENTRY ELEMENTS (KOHA) | |
| Koha item type | Book |
| Call number prefix | 794.81526 BUC |
| Withdrawn status | Lost status | Damaged status | Not for loan | Collection code | Permanent Location | Current Location | Shelving location | Date acquired | Source of acquisition | Cost, normal purchase price | Total Checkouts | Full call number | Barcode | Date last seen | Date last checked out | Price effective from | Koha item type |
|---|---|---|---|---|---|---|---|---|---|---|---|---|---|---|---|---|---|
| Central Library (CL) | Central Library (CL) | General Stacks | 08/10/2012 | Pak Book Corporation | 3241.00 | 2 | 794.81526 BUC | SEECS011489 | 08/17/2015 | 06/23/2015 | 01/05/2017 | Book |
